[Event "Turkey Cup 2019"]
[Site "Belek"]
[Date "2019.01.27"]
[Round "1.1"]
[White "Gonen, Mutlu"]
[Black "Yilmazyerli, Mert"]
[Result "0-1"]
[WhiteElo "1634"]
[BlackElo "2436"]
[Annotator "TA RC"]
[PlyCount "84"]
[EventDate "2019.01.27"]
[EventType "swiss"]
[EventCountry "TUR"]
[SourceTitle "playchess.com"]
[Source "ChessBase"]
[SourceQuality "1"]

1. e4 g6 2. d4 Bg7 3. Nf3 d6 4. Be2 Nf6 5. Nc3 O-O 6. O-O c6 7. a4 Qc7 8. h3 e5 9. dxe5 dxe5 10. Be3 Rd8 11. Qc1 Nfd7 12. Qd1 Nf6 13. Qc1 Nbd7 14. Bc4 Re8 15. Bb3 Nf8 16. Ng5 Ne6 17. Nxe6 Bxe6 18. Bxe6 Rxe6 19. Rd1 Bf8 20. f3 Nh5 21. Ne2 f5 22. Qd2 Nf6 23. Qc3 Qf7 24. Qc4 Rd6 25. Qxf7+ Kxf7 26. Rxd6 Bxd6 27. Rd1 Ke6 28. exf5+ gxf5 29. c4 a5 30. Kf1 h5 31. Bg5 Nd7 32. Ng3 Nc5 33. Be3 Nxa4 34. Nxf5 Bf8 35. Ng3 Nxb2 36. Re1 Nxc4 37. Bd4 h4 38. Nh5 Bb4 39. Re2 Rh8 40. Nf4+ Kf5 41. Ba1 Rd8 42. Bxe5 Rd1+ 0-1

[Event "Turkey Cup 2019"]
[Site "Belek"]
[Date "2019.01.27"]
[Round "1.2"]
[White "Gokerkan, Cem Kaan"]
[Black "Yucesoy, Atil"]
[Result "1-0"]
[WhiteElo "2420"]
[BlackElo "1685"]
[Annotator "NA"]
[PlyCount "163"]
[EventDate "2019.01.27"]
[EventType "swiss"]
[EventCountry "TUR"]
[SourceTitle "playchess.com"]
[Source "ChessBase"]
[SourceQuality "1"]

1. e4 c6 2. Nc3 d5 3. Nf3 Nf6 4. e5 Ne4 5. Ne2 Qb6 6. d4 e6 7. Ng3 c5 8. c3 Nc6 9. Bd3 Nxg3 10. hxg3 cxd4 11. cxd4 Bb4+ 12. Kf1 Bd7 13. Be3 O-O-O 14. Ng5 Be8 15. Rxh7 Rxh7 16. Nxh7 a5 17. Ng5 Be7 18. Qb3 Qxb3 19. axb3 b6 20. Rc1 Kb7 21. Nf3 f6 22. Bf4 fxe5 23. Bxe5 Bf6 24. Bxf6 gxf6 25. Re1 Bd7 26. Bb5 Kc7 27. g4 Rg8 28. Bxc6 Kxc6 29. g5 fxg5 30. Ne5+ Kd6 31. Ke2 Rc8 32. Kd2 Rf8 33. Ke3 Bb5 34. Rc1 Rf4 35. f3 Rf8 36. Rc3 Bd7 37. Rc2 Bb5 38. Rc1 Bd7 39. Rh1 Rc8 40. Rh7 Be8 41. Rh8 Ke7 42. Kd2 b5 43. Rh7+ Kd6 44. Rg7 a4 45. b4 a3 46. bxa3 Ra8 47. Rg8 Ke7 48. Rxg5 Rxa3 49. Rg7+ Kf8 50. Rg4 Rb3 51. Nd3 Ke7 52. Kc2 Ra3 53. Ne5 Ra2+ 54. Kb3 Rd2 55. Kc3 Rd1 56. Rg7+ Kf6 57. Rg8 Ke7 58. g4 Rc1+ 59. Kd2 Rb1 60. Kc3 Rc1+ 61. Kd2 Rb1 62. g5 Rxb4 63. g6 Rxd4+ 64. Ke3 Rd1 65. Kf2 Rd2+ 66. Kg3 Bxg6 67. Rxg6 Kd6 68. Nf7+ Ke7 69. Ng5 Re2 70. Rg8 d4 71. Ne4 d3 72. Rg7+ Kd8 73. Nc5 d2 74. Rd7+ Kc8 75. Rd3 Re5 76. Ne4 Rd5 77. Rxd2 Rxd2 78. Nxd2 Kd7 79. Kf4 Kd6 80. Ke4 Kc5 81. Ke5 b4 82. f4 1-0

[Event "Turkey Cup 2019"]
[Site "Belek"]
[Date "2019.01.27"]
[Round "1.3"]
[White "Hasanoglu, Hakan"]
[Black "Kamer, Kayra"]
[Result "0-1"]
[WhiteElo "1646"]
[BlackElo "2417"]
[Annotator "TA"]
[PlyCount "98"]
[EventDate "2019.01.27"]
[EventType "swiss"]
[EventCountry "TUR"]
[SourceTitle "playchess.com"]
[Source "ChessBase"]
[SourceQuality "1"]

1. d4 Nf6 2. c4 g6 3. Nf3 Bg7 4. g3 O-O 5. Bg2 c6 6. O-O d5 7. Nbd2 Bf5 8. b3 a5 9. Bb2 a4 10. Nh4 Be6 11. e4 dxe4 12. Nxe4 Nxe4 13. Bxe4 Qb6 14. Qd3 Rd8 15. c5 Qb4 16. Bc3 Qa3 17. Qd2 Na6 18. b4 Rd7 19. Bg2 Rad8 20. Nf3 Bg4 21. Qe3 Nxb4 22. Bxb4 Qxb4 23. Rab1 Qc4 24. Ne5 Bxe5 25. Qxe5 Qxa2 26. Rb4 Be6 27. h4 Qd2 28. Rxa4 Rxd4 29. Ra7 Rb4 30. h5 Qd4 31. Qxd4 Rdxd4 32. h6 Rd8 33. Rfa1 f5 34. Ra8 Rbd4 35. R1a7 Rc8 36. Ra1 Kf7 37. R8a7 Rc7 38. Rb1 Bc8 39. Bf1 Kf6 40. Ba6 Ra4 41. Rb6 Kg5 42. Kg2 Kxh6 43. Kg1 e5 44. Kg2 Kg5 45. Kg1 e4 46. Kg2 h5 47. Kh2 Ra2 48. Kg1 Rd7 49. Ra8 Rd1+ 0-1

[Event "Turkey Cup 2019"]
[Site "Belek"]
[Date "2019.01.27"]
[Round "1.4"]
[White "Arat, Ufuk Sezen"]
[Black "Ulupinar, Furkan"]
[Result "1-0"]
[WhiteElo "2361"]
[BlackElo "1578"]
[Annotator "TA"]
[PlyCount "61"]
[EventDate "2019.01.27"]
[EventType "swiss"]
[EventCountry "TUR"]
[SourceTitle "playchess.com"]
[Source "ChessBase"]
[SourceQuality "1"]

1. e4 c5 2. Nc3 Nc6 3. g3 g6 4. Bg2 Bg7 5. d3 d6 6. Be3 e6 7. Qd2 Nd4 8. Nd1 Nf6 9. c3 Nc6 10. Bh6 Bxh6 11. Qxh6 Qe7 12. Ne2 Bd7 13. O-O Qf8 14. Qd2 Qe7 15. Ne3 O-O 16. f4 Rfe8 17. g4 Rab8 18. Ng3 Kh8 19. Rf2 Rg8 20. Raf1 Rbf8 21. d4 h5 22. g5 Ne8 23. d5 Nd8 24. h4 f6 25. dxe6 Bxe6 26. f5 Bf7 27. fxg6 Bxg6 28. Ngf5 Bxf5 29. Nxf5 Qe5 30. Qd1 Ng7 31. Nh6 1-0

[Event "Turkey Cup 2019"]
[Site "Belek"]
[Date "2019.01.27"]
[Round "1.5"]
[White "Ocakacan, Deniz"]
[Black "Koksal, Ege"]
[Result "0-1"]
[WhiteElo "1679"]
[BlackElo "2360"]
[Annotator "TA"]
[PlyCount "52"]
[EventDate "2019.01.27"]
[EventType "swiss"]
[EventCountry "TUR"]
[SourceTitle "playchess.com"]
[Source "ChessBase"]
[SourceQuality "1"]

1. e4 e5 2. Nf3 Nc6 3. Bc4 Bc5 4. c3 Nf6 5. d3 O-O 6. O-O d6 7. a4 a6 8. h3 Ba7 9. Re1 Ne7 10. Nbd2 Ng6 11. Nf1 Be6 12. Bxe6 fxe6 13. d4 Nh5 14. N1h2 Qe8 15. Be3 exd4 16. Nxd4 Nhf4 17. g3 e5 18. Ndf3 Bxe3 19. Rxe3 Nxh3+ 20. Kg2 Qe6 21. Qh1 Rf6 22. Nf1 Raf8 23. N1d2 Qg4 24. Kf1 Ng5 25. Ke2 d5 26. a5 Nxf3 0-1

[Event "Turkey Cup 2019"]
[Site "Belek"]
[Date "2019.01.27"]
[Round "1.6"]
[White "Ozen, Bahadir"]
[Black "Tolon, Adman Devran"]
[Result "1-0"]
[WhiteElo "2349"]
[BlackElo "1761"]
[Annotator "TA"]
[PlyCount "87"]
[EventDate "2019.01.27"]
[EventType "swiss"]
[EventCountry "TUR"]
[SourceTitle "playchess.com"]
[Source "ChessBase"]
[SourceQuality "1"]

1. Nf3 d5 2. d4 Bf5 3. c4 e6 4. Nc3 c6 5. Bf4 Nd7 6. e3 Ngf6 7. Be2 h6 8. h3 Be7 9. O-O O-O 10. Qb3 Qb6 11. c5 Qxb3 12. axb3 a6 13. b4 Ne4 14. Nxe4 Bxe4 15. Nd2 Bg6 16. Nb3 Bd8 17. b5 a5 18. Bd6 Re8 19. Ra3 e5 20. bxc6 bxc6 21. Bg4 f5 22. Bf3 Bf6 23. Rxa5 exd4 24. Rxa8 Rxa8 25. Nxd4 Bxd4 26. exd4 Ra4 27. Re1 Nf6 28. Re7 Be8 29. Be5 Kf8 30. Rb7 Nd7 31. Bd6+ Kf7 32. Rc7 Rxd4 33. Rxc6 Nf6 34. Rc7+ Kg6 35. Rb7 Rc4 36. Kf1 Rc2 37. Bd1 Rc1 38. Ke1 Ne4 39. Be5 Bf7 40. b4 d4 41. Bxd4 f4 42. Ra7 Rc4 43. Rxf7 Rxd4 44. Rxf4 1-0

[Event "Turkey Cup 2019"]
[Site "Belek"]
[Date "2019.01.27"]
[Round "1.7"]
[White "Tahaoglu, Erkin"]
[Black "Olcum, Ahmet"]
[Result "0-1"]
[WhiteElo "1714"]
[BlackElo "2320"]
[Annotator "NA"]
[PlyCount "90"]
[EventDate "2019.01.27"]
[EventType "swiss"]
[EventCountry "TUR"]
[SourceTitle "playchess.com"]
[Source "ChessBase"]
[SourceQuality "1"]

1. d4 d6 2. Bf4 g6 3. e3 Bg7 4. Nf3 Nd7 5. Be2 e5 6. Bg5 f6 7. Bh4 Nh6 8. dxe5 dxe5 9. e4 Qe7 10. Nc3 c6 11. Qd2 Nf7 12. O-O Bh6 13. Qe1 O-O 14. Bc4 b5 15. Bb3 Nc5 16. Qe2 a5 17. Rfd1 Kg7 18. Bxf7 Rxf7 19. a3 Qc7 20. Bg3 Be6 21. b3 a4 22. b4 Bc4 23. Qe1 Ne6 24. Nd4 Nxd4 25. Rxd4 Qe7 26. Rdd1 Bf4 27. Bxf4 exf4 28. f3 Rff8 29. Rd2 Qe5 30. Rad1 Rf7 31. Ne2 c5 32. Rd7 Ra7 33. Rxa7 Rxa7 34. Nc1 g5 35. Qd2 h5 36. Nd3 Bxd3 37. cxd3 Rd7 38. Kf1 Rd4 39. Rb1 c4 40. Qb2 Rxd3 41. Qxe5 fxe5 42. Ra1 g4 43. Ke2 Kf6 44. h3 gxf3+ 45. gxf3 Kg5 0-1

[Event "Turkey Cup 2019"]
[Site "Belek"]
[Date "2019.01.27"]
[Round "1.8"]
[White "Sevgi, Volkan"]
[Black "Esti, Kubra Selenay"]
[Result "1-0"]
[WhiteElo "2292"]
[BlackElo "1662"]
[Annotator "TA"]
[PlyCount "79"]
[EventDate "2019.01.27"]
[EventType "swiss"]
[EventCountry "TUR"]
[SourceTitle "playchess.com"]
[Source "ChessBase"]
[SourceQuality "1"]

1. e4 g6 2. Nc3 Bg7 3. g3 d6 4. Bg2 c6 5. Nge2 e5 6. O-O Ne7 7. d4 Qc7 8. Be3 O-O 9. Qd2 Nd7 10. Bh6 b5 11. Bxg7 Kxg7 12. Nd1 Bb7 13. Ne3 c5 14. dxe5 dxe5 15. Nc3 a6 16. a4 b4 17. Ncd5 Nxd5 18. exd5 Nf6 19. f4 Rad8 20. Rad1 e4 21. c4 Qd6 22. g4 Rde8 23. Bh3 Bc8 24. Qg2 Kg8 25. Kh1 a5 26. Rde1 Bd7 27. b3 h5 28. f5 h4 29. g5 Nh5 30. Qf2 Bc8 31. Qxh4 Qe5 32. Bg4 Qh8 33. Bxh5 Qxh5 34. Qxh5 gxh5 35. d6 Bb7 36. Rd1 Rd8 37. d7 f6 38. g6 Bc6 39. Rd6 Bb7 40. Rfd1 1-0

[Event "Turkey Cup 2019"]
[Site "Belek"]
[Date "2019.01.27"]
[Round "1.9"]
[White "Yilmaz, Cumhur"]
[Black "Karadeniz, Ali Emre"]
[Result "0-1"]
[WhiteElo "1676"]
[BlackElo "2257"]
[Annotator "NA"]
[PlyCount "76"]
[EventDate "2019.01.27"]
[EventType "swiss"]
[EventCountry "TUR"]
[SourceTitle "playchess.com"]
[Source "ChessBase"]
[SourceQuality "1"]

1. d4 f5 2. Nf3 Nf6 3. c3 g6 4. Qb3 Bg7 5. Ne5 e6 6. Bg5 d6 7. Nd2 O-O 8. e4 Qe8 9. Bxf6 Bxf6 10. Nef3 Nc6 11. O-O-O Kh8 12. h4 e5 13. d5 Nd8 14. Bd3 f4 15. Rdg1 Be7 16. g4 h6 17. Ne1 Bd7 18. Qd1 b5 19. f3 a5 20. Rg2 Nb7 21. Bc2 Qb8 22. Nd3 Qa7 23. Qg1 Qa6 24. h5 g5 25. Rhh2 Rac8 26. Nb3 c5 27. dxc6 Rxc6 28. a3 Rfc8 29. Kd1 Bd8 30. Qf2 Bb6 31. Qd2 Be3 32. Qe2 b4 33. axb4 a4 34. Nbc1 a3 35. Bb1 Be6 36. Na2 Bxa2 37. Bxa2 axb2 38. Bb1 Rxc3 0-1

[Event "Turkey Cup 2019"]
[Site "Belek"]
[Date "2019.01.27"]
[Round "1.10"]
[White "Ozenir, Ekin Baris"]
[Black "Araboga, Nizamettin"]
[Result "1-0"]
[WhiteElo "2267"]
[BlackElo "1670"]
[Annotator "TA"]
[PlyCount "75"]
[EventDate "2019.01.27"]
[EventType "swiss"]
[EventCountry "TUR"]
[SourceTitle "playchess.com"]
[Source "ChessBase"]
[SourceQuality "1"]

1. d4 d5 2. c4 e6 3. Nc3 Nf6 4. cxd5 exd5 5. Bf4 Bd6 6. Bg3 O-O 7. e3 Bf5 8. Qb3 Bxg3 9. hxg3 b6 10. Nf3 Nc6 11. Nh4 Na5 12. Qa4 Bd7 13. Qc2 h6 14. Bd3 c5 15. dxc5 bxc5 16. O-O Rc8 17. Rfe1 d4 18. Ne4 c4 19. Nxf6+ Qxf6 20. Bh7+ Kh8 21. exd4 Rfe8 22. Rad1 Nc6 23. Be4 Nb4 24. Qd2 Nc6 25. Nf3 Bg4 26. Bxc6 Qxc6 27. Ne5 Rxe5 28. Rxe5 Bxd1 29. Rc5 Qb7 30. Rxc8+ Qxc8 31. Qxd1 Kg8 32. d5 c3 33. bxc3 Qxc3 34. d6 Qc8 35. d7 Qd8 36. Qd5 g6 37. Qc6 Kf8 38. Qc5+ 1-0

[Event "Turkey Cup 2019"]
[Site "Belek"]
[Date "2019.01.27"]
[Round "1.11"]
[White "Gungor, Cihan Akif"]
[Black "Tarlabasi, Emirhan"]
[Result "0-1"]
[WhiteElo "1588"]
[BlackElo "2264"]
[Annotator "TA"]
[PlyCount "68"]
[EventDate "2019.01.27"]
[EventType "swiss"]
[EventCountry "TUR"]
[SourceTitle "playchess.com"]
[Source "ChessBase"]
[SourceQuality "1"]

1. e4 e6 2. d3 d5 3. Nd2 Nf6 4. Ngf3 c5 5. g3 Be7 6. Bg2 O-O 7. O-O Nc6 8. Re1 Qc7 9. exd5 exd5 10. Nf1 h6 11. d4 cxd4 12. Nxd4 Bg4 13. Qd3 Nxd4 14. Qxd4 Bc5 15. Qf4 Qb6 16. Ne3 Be6 17. Rd1 Rad8 18. b3 d4 19. Nf5 Bxf5 20. Qxf5 Rfe8 21. Bb2 Re2 22. Bf3 Re6 23. Bxb7 Qxb7 24. Qxc5 Ne4 25. Qc4 Ng5 26. Qf1 Nf3+ 27. Kh1 Nh4+ 28. Kg1 Rc8 29. Rac1 Rc5 30. Qh3 Nf3+ 31. Kf1 Qb5+ 32. Kg2 Rh5 33. Qg4 Rxh2+ 34. Kxf3 Qe2+ 0-1

[Event "Turkey Cup 2019"]
[Site "Belek"]
[Date "2019.01.27"]
[Round "1.12"]
[White "Gunduz, Umut Erdem"]
[Black "Demirel, Yusuf Ziya"]
[Result "1-0"]
[WhiteElo "2255"]
[BlackElo "1711"]
[Annotator "TA"]
[PlyCount "47"]
[EventDate "2019.01.27"]
[EventType "swiss"]
[EventCountry "TUR"]
[SourceTitle "playchess.com"]
[Source "ChessBase"]
[SourceQuality "1"]

1. e4 e5 2. Nf3 Nf6 3. Nxe5 d6 4. Nf3 Nxe4 5. Nc3 Nxc3 6. dxc3 Be7 7. Be3 Nc6 8. Qd2 O-O 9. O-O-O Bf5 10. Be2 Re8 11. Rhg1 Qc8 12. Kb1 a6 13. h3 Qe6 14. g4 Be4 15. Rge1 d5 16. Ng5 Bxg5 17. Bxg5 Ne5 18. Bf4 Qb6 19. Bxe5 Rxe5 20. f3 Bg6 21. f4 Re3 22. f5 Rxh3 23. fxg6 hxg6 24. Qxd5 1-0

[Event "Turkey Cup 2019"]
[Site "Belek"]
[Date "2019.01.27"]
[Round "1.13"]
[White "Temel, Mustafa"]
[Black "Metin, Mehmet"]
[Result "0-1"]
[WhiteElo "1621"]
[BlackElo "2197"]
[Annotator "TA"]
[PlyCount "94"]
[EventDate "2019.01.27"]
[EventType "swiss"]
[EventCountry "TUR"]
[SourceTitle "playchess.com"]
[Source "ChessBase"]
[SourceQuality "1"]

1. Nf3 c5 2. c4 Nc6 3. d4 cxd4 4. Nxd4 g6 5. Nc3 Bg7 6. Nc2 Nf6 7. e4 d6 8. Be3 Ng4 9. Be2 Nxe3 10. Nxe3 O-O 11. O-O Be6 12. Rb1 a5 13. Kh1 Qb6 14. Ned5 Bxd5 15. Na4 Qd4 16. exd5 Qxd1 17. Rfxd1 Ne5 18. Nb6 Rad8 19. b4 axb4 20. Rxb4 Nd7 21. Na4 Ra8 22. Rxb7 Rxa4 23. Rxd7 Bf6 24. Rd2 Rfa8 25. g3 Rxa2 26. Rd8+ Kg7 27. Rxa8 Rxd2 28. Bg4 h5 29. Bd7 Rxf2 30. Ra3 Rc2 31. Bb5 g5 32. Rd3 Be5 33. Kg1 h4 34. gxh4 Bxh2+ 35. Kh1 gxh4 36. Rd4 Bg3 37. Ba4 Rh2+ 38. Kg1 Ra2 39. Rg4+ Kf6 40. Bd7 Ra7 41. Bc6 Kf5 42. Rg7 f6 43. Kg2 Kf4 44. c5 Ra2+ 45. Kg1 Kf3 46. Bb5 h3 47. cxd6 Ra1+ 0-1

[Event "Turkey Cup 2019"]
[Site "Belek"]
[Date "2019.01.27"]
[Round "1.14"]
[White "Kiremitciyan, Ari"]
[Black "Ince, Taylan Ruzgar"]
[Result "1-0"]
[WhiteElo "2253"]
[BlackElo "1544"]
[Annotator "TA"]
[PlyCount "95"]
[EventDate "2019.01.27"]
[EventType "swiss"]
[EventCountry "TUR"]
[SourceTitle "playchess.com"]
[Source "ChessBase"]
[SourceQuality "1"]

1. Nf3 Nf6 2. c4 g6 3. Nc3 d5 4. cxd5 Nxd5 5. e4 Nxc3 6. bxc3 Bg7 7. d4 c5 8. Be3 Nc6 9. Qd2 O-O 10. Be2 Qa5 11. Rb1 a6 12. Rc1 cxd4 13. cxd4 Qxd2+ 14. Kxd2 Rd8 15. d5 e6 16. Bb6 Rd7 17. Bc4 Ne7 18. Rhe1 Bh6+ 19. Be3 Bxe3+ 20. Rxe3 b5 21. Bb3 exd5 22. exd5 Nxd5 23. Re8+ Kg7 24. Ne5 Rd6 25. Nxf7 Kxf7 26. Rexc8 Rxc8 27. Rxc8 Ke7 28. Rh8 Nf6+ 29. Ke3 Rb6 30. Ra8 h6 31. h3 g5 32. Ra7+ Nd7 33. f4 gxf4+ 34. Kxf4 Rf6+ 35. Ke3 Rg6 36. g4 Rd6 37. Bc2 Kf6 38. Bf5 Nb6 39. Be4 Nc4+ 40. Kf4 a5 41. h4 Rd4 42. g5+ hxg5+ 43. hxg5+ Ke6 44. g6 Nd6 45. g7 Rxe4+ 46. Kf3 Re3+ 47. Kxe3 Nf5+ 48. Ke4 1-0

[Event "Turkey Cup 2019"]
[Site "Belek"]
[Date "2019.01.27"]
[Round "1.15"]
[White "Mermer, Yunus"]
[Black "Isik, Alparslan"]
[Result "0-1"]
[WhiteElo "1585"]
[BlackElo "2244"]
[Annotator "NA"]
[PlyCount "254"]
[EventDate "2019.01.27"]
[EventType "swiss"]
[EventCountry "TUR"]
[SourceTitle "playchess.com"]
[Source "ChessBase"]
[SourceQuality "1"]

1. d4 Nf6 2. c4 g6 3. Nc3 d5 4. cxd5 Nxd5 5. e4 Nxc3 6. bxc3 Bg7 7. Bc4 O-O 8. Ne2 c5 9. Be3 Nc6 10. Rc1 cxd4 11. cxd4 Qa5+ 12. Qd2 Qxd2+ 13. Kxd2 Rd8 14. d5 Na5 15. Rhd1 Bd7 16. Ke1 Ba4 17. Bb3 Nxb3 18. axb3 Bxb3 19. Rd3 Ba4 20. Ra3 b5 21. Rc7 a5 22. Nd4 Be5 23. Rb7 Bxd4 24. Bxd4 Re8 25. f3 f5 26. exf5 gxf5 27. f4 Rad8 28. Bb6 Rxd5 29. Bxa5 Rd4 30. Re3 Rxf4 31. Rexe7 Rxe7+ 32. Rxe7 Bb3 33. Bd2 Rg4 34. g3 Bc2 35. Bf4 b4 36. Rb7 b3 37. Kd2 Rg6 38. Kc1 Ra6 39. Kb2 Ra5 40. h4 Bd1 41. Kc1 Rd5 42. Kb2 Bc2 43. Kc3 Rc5+ 44. Kb2 Bd1 45. Ka3 Rc3 46. Kb2 Rf3 47. Kc1 Rf1 48. Kb2 Bc2 49. Kc3 Rb1 50. Be5 Re1 51. Bf4 Re6 52. Kb2 h5 53. Kc3 Rc6+ 54. Kb2 Rc5 55. Bd6 Rd5 56. Bf4 Ra5 57. Kc3 Kf8 58. Kb2 Ke8 59. Kc3 Ra6 60. Kb2 Kd8 61. Be5 Re6 62. Bf4 Ra6 63. Be5 Rc6 64. Bf4 Kc8 65. Rb8+ Kd7 66. Rh8 Ra6 67. Rh7+ Ke8 68. Rh8+ Kf7 69. Rh7+ Kg8 70. Rb7 Ra2+ 71. Kc3 Ra4 72. Kb2 Kf8 73. Kc3 Ke8 74. Kb2 Kd8 75. Kc3 Ra2 76. Be5 Bd1 77. Kd3 Rg2 78. Ke3 Re2+ 79. Kf4 Bc2 80. Bg7 Kc8 81. Rb4 Rg2 82. Be5 Kd7 83. Rb6 Re2 84. Bg7 Kc7 85. Rb4 Kc6 86. Kg5 Re3 87. Kf4 Re7 88. Be5 Kd5 89. Rb5+ Kc4 90. Rb8 Kd3 91. Kxf5 Bd1 92. Kf6 Rd7 93. Bb2 Rc7 94. Be5 Rc5 95. Rb4 Kc2 96. Bd4 Rd5 97. Ke6 Ra5 98. Rc4+ Kd3 99. Rb4 Be2 100. Bb6 Ra3 101. Bc5 Ra6+ 102. Ke5 Kc3 103. Rb6 Rxb6 104. Bxb6 b2 105. Bd4+ Kc2 106. Bxb2 Kxb2 107. Kf4 Kc3 108. g4 Bxg4 109. Kg3 Kd3 110. Kf2 Ke4 111. Kg3 Ke3 112. Kg2 Kf4 113. Kf2 Bh3 114. Kg1 Kg3 115. Kh1 Kxh4 116. Kh2 Bd7 117. Kg2 Kg4 118. Kh2 h4 119. Kg2 h3+ 120. Kh2 Bc6 121. Kg1 Kg3 122. Kf1 h2 123. Ke2 h1=Q 124. Kd2 Qf3 125. Ke1 Qf2+ 126. Kd1 Be4 127. Kc1 Qc2# 0-1

[Event "Turkey Cup 2019"]
[Site "Belek"]
[Date "2019.01.27"]
[Round "1.16"]
[White "Dogan, Nazmi Can"]
[Black "Fazla, Onder Zafer"]
[Result "1-0"]
[WhiteElo "2244"]
[BlackElo "1649"]
[Annotator "NA"]
[PlyCount "115"]
[EventDate "2019.01.27"]
[EventType "swiss"]
[EventCountry "TUR"]
[SourceTitle "playchess.com"]
[Source "ChessBase"]
[SourceQuality "1"]

1. d4 Nf6 2. Nf3 e6 3. Bf4 c5 4. e3 cxd4 5. exd4 Nc6 6. c3 d5 7. Nbd2 Bd6 8. Bg5 h6 9. Bh4 Qb6 10. Qb3 Qxb3 11. axb3 Bd7 12. Bd3 Nh5 13. Bg3 Nf4 14. Bxf4 Bxf4 15. b4 f6 16. Nb3 b6 17. Ba6 Nd8 18. O-O Bd6 19. Be2 g5 20. Ra2 h5 21. Rfa1 Bb8 22. Ne1 Bc6 23. Nc2 Nf7 24. b5 Bb7 25. Nd2 Nd6 26. b3 Kd7 27. c4 dxc4 28. bxc4 g4 29. c5 bxc5 30. dxc5 Bd5 31. cxd6 Bxa2 32. Rxa2 Bxd6 33. Ne4 Be5 34. Nb4 Rhc8 35. Nd3 Bd4 36. Ra4 Bc3 37. b6 axb6 38. Nxc3 Rxa4 39. Nxa4 Rc2 40. Bd1 Rd2 41. Nab2 e5 42. Kf1 e4 43. Ke1 Rxd1+ 44. Nxd1 exd3 45. Kd2 Kd6 46. Kxd3 b5 47. Kd4 f5 48. Nb2 h4 49. Nd3 Ke6 50. Kc5 Kf6 51. Kxb5 Kg5 52. g3 h3 53. Nf4 Kf6 54. Kc4 Ke5 55. Kd3 Kd6 56. Kd4 Kc6 57. Ke5 Kc5 58. Kxf5 1-0

[Event "Turkey Cup 2019"]
[Site "Belek"]
[Date "2019.01.27"]
[Round "1.17"]
[White "Dogan, Ugur"]
[Black "Kilic, Efe Mert"]
[Result "0-1"]
[WhiteElo "1670"]
[BlackElo "2241"]
[Annotator "TA"]
[PlyCount "104"]
[EventDate "2019.01.27"]
[EventType "swiss"]
[EventCountry "TUR"]
[SourceTitle "playchess.com"]
[Source "ChessBase"]
[SourceQuality "1"]

1. e4 d6 2. d4 Nf6 3. Nc3 g6 4. Be3 Bg7 5. Qd2 Ng4 6. Bg5 h6 7. Bh4 c6 8. f3 Nf6 9. O-O-O b5 10. Kb1 b4 11. Na4 Qa5 12. b3 Nbd7 13. Ne2 Nb6 14. Nb2 Ba6 15. Bf2 Nfd7 16. Nc1 Bxf1 17. Rhxf1 O-O 18. Be3 Kh7 19. Ncd3 c5 20. Qf2 Rac8 21. f4 c4 22. Ne1 Nf6 23. Qf3 d5 24. e5 Ne4 25. Bd2 c3 26. Bc1 cxb2 27. Bxb2 Nc3+ 28. Bxc3 Rxc3 29. Rd3 Rfc8 30. g4 Qb5 31. h4 Qc6 32. Rf2 Rxd3 33. Nxd3 Qc3 34. f5 Qxd4 35. f6 exf6 36. exf6 Bf8 37. h5 Qe4 38. hxg6+ fxg6 39. Qh3 Rc3 40. Rh2 g5 41. Qh5 Qg6 42. Qxg6+ Kxg6 43. Rf2 Nd7 44. f7 Nf6 45. Ne5+ Kg7 46. Nd3 Kxf7 47. Ne5+ Ke6 48. Re2 Ne4 49. Nd3 a5 50. Re1 Kd6 51. Kc1 Bg7 52. Rf1 Rc7 0-1

[Event "Turkey Cup 2019"]
[Site "Belek"]
[Date "2019.01.27"]
[Round "1.18"]
[White "Yuksel, Atilla Koksal"]
[Black "Erdal, Emre"]
[Result "1-0"]
[WhiteElo "2236"]
[BlackElo "1615"]
[Annotator "TA"]
[PlyCount "69"]
[EventDate "2019.01.27"]
[EventType "swiss"]
[EventCountry "TUR"]
[SourceTitle "playchess.com"]
[Source "ChessBase"]
[SourceQuality "1"]

1. e4 c6 2. d4 d5 3. exd5 cxd5 4. c4 Nf6 5. Nc3 Nc6 6. Nf3 a6 7. Bg5 Be6 8. Be2 h6 9. Bxf6 exf6 10. O-O Bb4 11. Qb3 Bxc3 12. bxc3 O-O 13. c5 Qc7 14. Rab1 Na5 15. Qb6 Qxb6 16. Rxb6 Bf5 17. Nd2 Rfe8 18. Bf3 Rad8 19. Nb3 Nxb3 20. axb3 Re7 21. Rd6 Rde8 22. h3 Be4 23. Bxe4 dxe4 24. c6 bxc6 25. Rxc6 a5 26. d5 Rd7 27. d6 e3 28. fxe3 Rxe3 29. Rd1 Re6 30. c4 Kf8 31. c5 Ke8 32. Rc8+ Rd8 33. d7+ Ke7 34. c6 Re3 35. c7 1-0

[Event "Turkey Cup 2019"]
[Site "Belek"]
[Date "2019.01.27"]
[Round "1.19"]
[White "Avan, Olcay"]
[Black "Aydincelebi, Kagan"]
[Result "0-1"]
[WhiteElo "1617"]
[BlackElo "2206"]
[Annotator "TA"]
[PlyCount "76"]
[EventDate "2019.01.27"]
[EventType "swiss"]
[EventCountry "TUR"]
[SourceTitle "playchess.com"]
[Source "ChessBase"]
[SourceQuality "1"]

1. d4 Nf6 2. Nf3 g6 3. Bf4 Bg7 4. h3 O-O 5. e3 c5 6. c3 b6 7. Nbd2 Bb7 8. Bd3 d5 9. O-O Nc6 10. Qe2 Nd7 11. Ba6 Qc8 12. Bxb7 Qxb7 13. Rfe1 Rfe8 14. Rac1 e5 15. dxe5 Ndxe5 16. Nxe5 Nxe5 17. Nf3 Nc4 18. Red1 Rad8 19. Qc2 h6 20. Nd2 Ne5 21. Bxe5 Rxe5 22. Nf3 Re7 23. Rd2 Red7 24. Rcd1 Qc6 25. Ne1 f5 26. g3 Qe6 27. Ng2 g5 28. h4 Bf6 29. hxg5 hxg5 30. f3 d4 31. cxd4 cxd4 32. b3 Kg7 33. e4 d3 34. Rxd3 Bd4+ 35. Kf1 fxe4 36. Rxd4 Rxd4 37. Qc3 exf3 38. Rxd4 Qe2+ 0-1

[Event "Turkey Cup 2019"]
[Site "Belek"]
[Date "2019.01.27"]
[Round "1.20"]
[White "Eren, Ataberk"]
[Black "Ozkurt, Kutay"]
[Result "1/2-1/2"]
[WhiteElo "2171"]
[BlackElo "1586"]
[Annotator "TA"]
[PlyCount "121"]
[EventDate "2019.01.27"]
[EventType "swiss"]
[EventCountry "TUR"]
[SourceTitle "playchess.com"]
[Source "ChessBase"]
[SourceQuality "1"]

1. d4 d5 2. c4 dxc4 3. Nf3 Nf6 4. Nc3 Bf5 5. e3 e6 6. Bxc4 c6 7. O-O Bb4 8. Qe2 O-O 9. e4 Bg4 10. a3 Ba5 11. Rd1 Nbd7 12. e5 Nd5 13. Nxd5 cxd5 14. Bd3 f6 15. h3 Bxf3 16. Qxf3 fxe5 17. Qg4 Qf6 18. Be3 e4 19. Bb5 Qe7 20. Rac1 Nf6 21. Qe2 Rac8 22. Rc2 Rxc2 23. Qxc2 Nh5 24. Rc1 Nf4 25. Bf1 Bb6 26. b4 Ng6 27. Qc3 e5 28. a4 exd4 29. Bxd4 Bxd4 30. Qxd4 Qe5 31. Qxa7 d4 32. Rd1 e3 33. fxe3 dxe3 34. Re1 Qf4 35. Qxe3 Qxb4 36. Qe6+ Kh8 37. Bb5 Nf4 38. Qe7 Qxe7 39. Rxe7 Rb8 40. a5 g6 41. h4 Ra8 42. Rxb7 Rxa5 43. g3 Nh5 44. g4 Nf4 45. g5 Ra8 46. Kf2 Rf8 47. Bc4 Nh5+ 48. Kg2 Nf4+ 49. Kf3 Nh5+ 50. Ke4 Ng3+ 51. Ke5 Nf5 52. h5 Re8+ 53. Kd5 Ne3+ 54. Kd4 Nxc4 55. Kxc4 gxh5 56. Kd4 h4 57. Rb3 Rg8 58. Rh3 Rxg5 59. Rxh4 Kg7 60. Ke4 Kg6 61. Kf3 1/2-1/2

[Event "Turkey Cup 2019"]
[Site "Belek"]
[Date "2019.01.27"]
[Round "1.21"]
[White "Gok, Muhsin"]
[Black "Ozkan, Ervin"]
[Result "0-1"]
[WhiteElo "1730"]
[BlackElo "2150"]
[Annotator "NA"]
[PlyCount "46"]
[EventDate "2019.01.27"]
[EventType "swiss"]
[EventCountry "TUR"]
[SourceTitle "playchess.com"]
[Source "ChessBase"]
[SourceQuality "1"]

1. d4 Nf6 2. Nc3 d5 3. f4 c5 4. e3 Nc6 5. Nf3 Bg4 6. Be2 e6 7. O-O Be7 8. Ne5 Bxe2 9. Qxe2 O-O 10. Rd1 Qb6 11. Qd3 Rac8 12. a3 Nxe5 13. fxe5 Nd7 14. Kh1 f6 15. exf6 Nxf6 16. dxc5 Bxc5 17. b4 Ng4 18. Kg1 Qc7 19. g3 Nxh2 20. Kxh2 Rf2+ 21. Kh3 Qe5 22. Kg4 Rh2 23. e4 h5+ 0-1